The Sunshine Quiz Stats

 Plays Quiz Updated Jan 25, 2019

Support Sporcle.
Go Orange.
Score 0/21 Timer 06:00
3 Plays Today
Clue Phrase or Title % Correct
Nickname for Florida or QueenslandThe Sunshine State
82%
Katrina and the Waves' only top 10 US recordWalking On Sunshine
62.3%
Comedy that earned Alan Arkin a supporting actor OscarLittle Miss Sunshine
58.9%
First line of The Temptations' 'My Girl'I've got sunshine on a cloudy day
58.1%
In an advertising slogan, what a breakfast without orange juice is like.A day without sunshine
55.1%
Jim Carrey/Kate Winslet movie. Hope you haven't forgotten it.Eternal Sunshine of the Spotless Mind
51.8%
Disco act with 4 US #1 hits, uh-huh uh-huh, led by Harry Wayne CaseyKC & the Sunshine Band
41.4%
Classic rock anthem by CreamSunshine of Your Love
31.7%
Song from 'Hair' popularized by The Fifth Dimension (1969)Aquarius/Let The Sunshine In
31.6%
Recent US smash for Natasha Bedingfield. It could burn a hole in your clothes.Pocketful of Sunshine
27.2%
Comedy starring Amy Adams and Emily BluntSunshine Cleaning
24%
Clue Phrase or Title % Correct
State song of Louisiana and a top ten for Ray CharlesYou Are My Sunshine
23.7%
Bill Withers song that made the US & UK charts 37 years apartAin't No Sunshine
23.2%
John Denver's first US #1 songSunshine on My Shoulders
20.3%
Comedy that earned George Burns a supporting actor OscarThe Sunshine Boys
17.5%
Len hit that sampled 'More More More'Steal My Sunshine
17.3%
Nintendo game in which a familiar plumber must remove graffiti from the island of DelfinoSuper Mario Sunshine
16.1%
Stevie Wonder's Grammy-winning & #1 US hitYou Are the Sunshine of My Life
16.1%
Track from The Beatles' Revolver albumGood Day Sunshine
15.8%
Donovan compares himself to Green Lantern in this smash hitSunshine Superman
11%
Optimistic ditty by Lesley Gore (written by Marvin Hamlisch)Sunshine Lollipops and Rainbows
3.4%

From the Vault

'L' Logos Close-Up

by BoggelTeam

Let's lay out some love for letters in logos.
Remove Ads.
Support Sporcle.
Get the best of Sporcle when you Go Orange. This ad-free experience offers more features, more stats, and more fun while also helping to support Sporcle. Thank you for becoming a member.

Show Comments

Extras

Top Quizzes Today


Score Distribution

Your Account Isn't Verified!

In order to create a playlist on Sporcle, you need to verify the email address you used during registration. Go to your Sporcle Settings to finish the process.

Report this User

Report this user for behavior that violates our Community Guidelines.

Details: